Statistics for Top 10 Houston Rockets NBA Starters

Click here to take the quiz!

General Stats

  • This quiz has been taken 155 times
  • The average score is 14 of 28

Answer Stats

TeamPlayer% Correct
1992-93, 1985-86, 1993-94, 1994-95, 1996-97Hakeem Olajuwon
100%
2014-15, 2016-17, 2017-18James Harden
99%
1994-95, 1996-97Clyde Drexler
91%
2017-18Chris Paul
88%
2016-17, 2017-18Clint Capela
86%
1992-93, 1993-94, 1994-95Kenny Smith
81%
1996-97Charles Barkley
73%
1985-86Ralph Sampson
69%
2017-18P.J. Tucker
67%
1976-77, 1980-81Moses Malone
60%
1992-93, 1993-94, 1994-95Robert Horry
59%
2014-15, 2016-17, 2017-18Trevor Ariza
59%
2014-15Dwight Howard
57%
1992-93, 1993-94Otis Thorpe
49%
2014-15, 2016-17Patrick Beverley
49%
1976-77, 1980-81Rudy Tomjanovich
48%
1992-93, 1993-94, 1994-95Vernon Maxwell
47%
1976-77, 1980-81Calvin Murphy
44%
2016-17Ryan Anderson
31%
1996-97Mario Elie
26%
1980-81Robert Reid
21%
1976-77, 1985-86John Lucas
13%
1996-97Matt Maloney
10%
1985-86Rodney McCray
10%
1976-77Mike Newlin
6%
2014-15Donatas Motiejūnas
5%
1985-86Lewis Lloyd
5%
1980-81Tom Henderson
3%

Score Distribution

Percentile by Number Answered

Percent of People with Each Score

Your Score History

You have not taken this quiz